Poptart Flavours - Statistics

General Stats
  • This quiz has been taken 14 times
  • The average score is 4 of 15
Answer Stats
Answer % Correct
Blueberry
69%
Brown sugar cinnamon
54%
Cherry
54%
S'mores
46%
Cookies and creme
31%
Raspberry
31%
Chocolate fudge
23%
Hot fudge sundae
23%
Wild Berry
23%
Chocolate chip
15%
Chocolate chip cookie dough
15%
Confetti cupcake
15%
Frosted strawberry
15%
Red velvet
15%
Chocolatey caramel
8%
No matching quizzes found
Score Distribution
Percent of People with Each Score
Percentile by Number Answered
Your Score History
You have not taken this quiz